Statistics for Fill the World Map with City Dots Of Radius 10

Click here to take the quiz!

General Stats

  • This quiz has been taken 89 times
  • The average score is 85 of 270

Answers on the Map

Answers color-coded by a green-red scale on the quiz's map according to % correct below.
 

Answer Stats

ANSWER% Correct
London
86%
New York
84%
Madrid
81%
Berlin
80%
Sydney
79%
Tokyo
79%
Los Angeles
77%
Moscow
77%
Beijing
76%
Miami
76%
Perth
76%
Reykjavik
76%
Cairo
74%
Milan
74%
Stockholm
74%
Delhi
73%
Kiev
73%
Lima
73%
Mexico City
73%
Saint Petersburg
73%
Seoul
73%
Istanbul
71%
São Paulo
71%
Seattle
71%
Atlanta
70%
Budapest
70%
Casablanca
70%
Chicago
70%
Dar es Salaam
70%
Manila
70%
Mumbai
70%
Brasília
69%
Buenos Aires
69%
Johannesburg
69%
Bangkok
67%
Cape Town
67%
Dhaka
67%
Santiago
67%
Shanghai
67%
Auckland
66%
Bogotá
66%
Honolulu
66%
Jakarta
66%
Riyadh
66%
Tehran
66%
Adelaide
64%
Brisbane
64%
Dallas
64%
Guangzhou
64%
Lagos
64%
Tunis
64%
Antananarivo
63%
Darwin
63%
Kinshasa
63%
Addis Ababa
61%
Anchorage
61%
Colombo
61%
Dakar
61%
Mogadishu
61%
San José
61%
Caracas
60%
Khartoum
60%
Port Moresby
60%
Sana'a
60%
Bangalore
59%
Hobart
59%
Kabul
59%
Karachi
59%
Singapore
59%
Denver
57%
Nuuk
57%
Santo Domingo
57%
Bergen
56%
Christchurch
56%
Georgetown
56%
Guatemala City
56%
La Paz
56%
Tirana
56%
Asunción
54%
Juneau
54%
Sapporo
54%
Suva
54%
Windhoek
54%
Calgary
53%
Kampala
53%
Ulaanbaatar
53%
Victoria
53%
Alice Springs
50%
Bamako
50%
Yerevan
50%
Monrovia
49%
Recife
47%
Ürümqi
47%
Winnipeg
47%
Omsk
46%
Quebec
46%
Lusaka
44%
Manaus
44%
Harbin
43%
Honiara
43%
Monterrey
43%
Murmansk
43%
Novosibirsk
43%
Tashkent
43%
Yekaterinburg
43%
Aleppo
41%
Benghazi
41%
Port Louis
41%
Yaoundé
41%
Apia
40%
Funafuti
40%
Guayaquil
39%
Yellowknife
39%
Belém
37%
Tromso
37%
Chengdu
36%
Kano
36%
Porto Alegre
36%
Tarawa
36%
Saint George's
33%
Stanley
33%
Townsville
33%
Yakutsk
33%
Barrow
31%
Edinburgh of the Seven Seas
31%
Longyearbyen
30%
Davao
29%
Arkhangel'sk
26%
Las Palmas de Gran Canaria
26%
McMurdo Station
26%
Oulu
26%
Volgograd
26%
Ciudad Juárez
24%
Kazan
24%
Faaa
23%
Krasnoyarsk
23%
Billings
21%
Hanga Roa
21%
Iqaluit
21%
Makassar
21%
Galway
20%
Mérida
20%
Noumea
20%
Petropavlovsk-Kamchatsky
20%
Punta Arenas
20%
Torshavn
20%
Aswan
19%
Naha
19%
Jamestown
17%
Kingston
17%
Noril'sk
17%
Banda Aceh
16%
Port-aux-Francais
16%
West Island
16%
Grytviken
14%
Magadan
14%
Antofagasta
13%
Avarua
13%
Jayapura
13%
Ponta Delgada
13%
Saipan
13%
Anadyr
11%
Puerto Ayora
11%
Sioux Falls
11%
Waitangi
11%
Dutch Harbor
10%
Inuvik
10%
Labrador City
10%
Port Hedland
10%
Rankin Inlet
10%
Rikitea
10%
Shiraz
10%
Surgut
10%
Ambon
9%
East London
9%
Khabarovsk
9%
Kota Kinabalu
9%
Tabwakea Village
9%
Vorkuta
9%
Weno
9%
Atuona
7%
Beira
7%
Prince George
7%
Tiksi
7%
Dikson
6%
Mirny
6%
Olonkinbyen
6%
Puerto Montt
6%
Redding
6%
Salalah
6%
Antsiranana
4%
Bethel
4%
Bilibino
4%
Chita
4%
Porto Velho
4%
Tamanrasset
4%
Colonia
3%
Gao
3%
Greater Sudbury
3%
Huambo
3%
Luganville
3%
Nouadhibou
3%
Nukus
3%
Pale
3%
Syktyvkar
3%
Ust-Nera
3%
Al Jawf
1%
Aqtobe
1%
Bhilai
1%
Bumba
1%
Clyde River
1%
Ebaye
1%
Fuvahmulah
1%
Gjoa Haven
1%
Ilheus
1%
Khatanga
1%
Nha Trang
1%
Nikolayevsk-on-Amur
1%
Olenyok
1%
Sabha
1%
Tasiilaq
1%
Tura
1%
Uummannaq
1%
Viedma
1%
Wau
1%
Ambovombe
0%
An Najaf al Ashraf
0%
As Sib al Jadidah
0%
Balsas
0%
Benoy
0%
Bilma
0%
Caleta Olivia
0%
Corumba
0%
Deqen
0%
Garoowe
0%
Geneina
0%
Halls Creek
0%
Hotan
0%
Kokopo
0%
La Ronge
0%
Les Abymes
0%
Leticia
0%
Loikaw
0%
Miyazaki-shi
0%
Mwene-Ditu
0%
Nacala
0%
Nanyang
0%
Nar'yan-Mar
0%
Neryungri
0%
Novorossiysk
0%
Palana
0%
Provideniya
0%
Sinop
0%
Srednekolymsk
0%
Suwalki
0%
Taldyqorghan
0%
Taoudenni
0%
Tazovskiy
0%
Tiaret
0%
Timimoun
0%
Ulaangom
0%
Ust'-Ilimsk
0%
Wenshan City
0%
Yinchuan
0%
Zabol
0%
Zhezqazghan
0%
Zhigansk
0%

Score Distribution

Percentile by Number Answered

Percent of People with Each Score

Your Score History

You have not taken this quiz